00371nam a2200121Ia 4500008004000000020001800040082001500058100003500073245005100108260004000159300001300199650003700212210210b1999 xxu||||| |||| 00| 0 eng d a81 7371 098 8 a363.7 ABBB aABBASI (S A) and RAMASAMI (E). aBiotechnological methods of pollution control. aHyderabadbUniversities Pressc1999 aviii,168 aEnvironment, Pollution Control